000 00339nam a2200133Ia 4500
005 20260326235442.0
008 260326s9999||||xx |||||||||||||| ||und||
100 _aJones, Kenneth J.
245 0 _aPanamá Hoy :
_b Retrato de una nación /
_cKenneth J. Jones
260 _bFocus
300 _a248 p.
650 _aLATINOAMÉRICA
942 _cBK
999 _c7431
_d7431